000 00655nam a2200193 i 4500
001 74031
003 ES-MaACL
005 20231227204703.0
007 t|
008 040914s1950 sp ||||1| spa d
100 1 _aMarcos González, Luis.
_958356
245 1 0 _aHojas
_b: poesías /
_cLuis Marcos González ; prólogo de Alfredo Marquerie ; ilustraciones García Hector.
260 _a[Madrid :
_bs.n.,
_c1950] (
_fImp. Casado)
300 _a199 p. :
_bil. ;
_c21 cm.
700 1 _aMarquerie, Alfredo,
_d1907-1974
_976973
700 1 _aGarcía Héctor, Juan Manuel.
_9161221
852 _aES-MaACL
_jD-6027
_bR.29773
999 _c74031
_d74031